[Event "ch-city"]
[Site "Milanowek"]
[Date "2011.??.??"]
[Round "3.9"]
[White "Szustakowski, Antoni"]
[Black "Dabrowski, Mikolaj"]
[Result "0-1"]
[WhiteElo "1437"]
[BlackElo "1434"]
[PlyCount "60"]
[EventDate "2011.??.??"]

1. c4 e5 2. Nc3 Nf6 3. g3 d5 4. cxd5 Nxd5 5. Bg2 Be6 6. d3 Nc6 7. Nf3 f6 8. O-O
Bc5 9. Bd2 Qd7 10. a3 O-O-O 11. b4 Bb6 12. Na4 Bh3 13. Nxb6+ Nxb6 14. a4 Bxg2
15. Kxg2 h5 16. h4 Nd4 17. Nxd4 Qxd4 18. a5 Na8 19. Kg1 Kb8 20. b5 Rdg8 21. Qc1
g5 22. hxg5 h4 23. Be3 Qg4 24. Qc5 hxg3 25. Qxa7+ Kc8 26. Qxa8+ Kd7 27. Qxb7
gxf2+ 28. Kxf2 Rh2+ 29. Qg2 Qxg2+ 30. Ke1 Qxe2# 0-1

[Event "ch-city"]
[Site "Milanowek"]
[Date "2011.??.??"]
[Round "3.10"]
[White "Kucharski, Jacek"]
[Black "Wyszomirski, Krzysztof"]
[Result "0-1"]
[WhiteElo "1384"]
[BlackElo "1728"]
[PlyCount "108"]
[EventDate "2011.??.??"]

1. d4 Nf6 2. c4 g6 3. g3 Bg7 4. Bg2 O-O 5. e3 d6 6. Ne2 Nbd7 7. Nbc3 e5 8. b3
a5 9. Bb2 Qe7 10. Nd5 Nxd5 11. Bxd5 e4 12. Qc2 Nf6 13. f3 Nxd5 14. Qxe4 Qxe4
15. fxe4 Nxe3 16. Kd2 Ng4 17. Raf1 f5 18. h3 Nf6 19. exf5 Bxf5 20. g4 Bd7 21.
Kc2 a4 22. Rf3 axb3+ 23. axb3 b5 24. Ra1 bxc4 25. bxc4 Rxa1 26. Bxa1 Re8 27.
Ng3 Ne4 28. Nxe4 Rxe4 29. Kd3 Re1 30. Bc3 Rd1+ 31. Ke2 Rc1 32. g5 Rh1 33. d5
Rxh3 34. Rxh3 Bxh3 35. Ba5 Kf7 36. Bxc7 Ke7 37. Ba5 h6 38. gxh6 Bxh6 39. Bb4
Bf4 40. Kf3 g5 41. c5 dxc5 42. Bxc5+ Bd6 43. Be3 g4+ 44. Kf2 Kf6 45. Ke2 Bg2
46. Kf2 Bxd5 47. Ke2 Kf5 48. Kd3 g3 49. Ke2 Kg4 50. Kf1 Kh3 51. Ke2 Kh2 52. Bd4
g2 53. Be3 Kh1 54. Bf2 Bh2 0-1

[Event "ch-city"]
[Site "Milanowek"]
[Date "2011.??.??"]
[Round "3.11"]
[White "Woloszyn, Piotr"]
[Black "Tomczyk, Ryszard"]
[Result "1-0"]
[WhiteElo "1664"]
[BlackElo "1479"]
[Annotator "M"]
[PlyCount "159"]
[EventDate "2011.??.??"]

1. d4 Nf6 2. c4 b6 3. Nc3 Bb7 4. d5 d6 5. e4 g6 6. Bd3 Bg7 7. Nge2 Nbd7 8. f4
O-O 9. O-O c6 10. Rb1 Qc7 11. Ng3 Rac8 12. Qe2 a6 13. Bd2 Rfe8 14. Qf3 Rf8 15.
Rbc1 Qb8 16. Nd1 Rc7 17. Bc3 cxd5 18. cxd5 Qc8 19. Ne2 b5 20. Ne3 Rc5 21. Bd4
Rxc1 22. Rxc1 Qb8 23. g4 e5 24. dxe6 fxe6 25. g5 Nh5 26. Bxg7 Nxg7 $11 27. b4
Qd8 28. h4 Qb6 29. Kh2 Ba8 30. Ng4 Bb7 31. Qe3 Qxe3 32. Nxe3 Rc8 33. Rxc8+ Bxc8
34. Ng3 Nb6 35. Bc2 Nc4 36. Ng4 Ne8 37. Kg1 e5 38. f5 Nd2 39. Kf2 Bb7 40. Ke3
Nc4+ 41. Ke2 Kf8 42. Bb3 Bc8 43. Kd3 Nb6 44. Ne3 Ng7 45. Bd1 Bb7 46. Bg4 d5 47.
f6 Ne8 48. exd5 Nxd5 49. Nxd5 Bxd5 50. a3 Nd6 51. Bd1 Bc4+ 52. Ke3 Be6 53. a4
Bd5 54. axb5 Nc4+ 55. Kf2 axb5 56. Bf3 Nb6 57. Ne4 Nc4 58. Nc3 Bxf3 59. Kxf3
Nd6 60. Ne4 Nf5 61. Nc5 Nd4+ 62. Ke4 Nc6 63. Nd3 Ke8 64. Kd5 Nd4 65. Nxe5 Nf5
66. Nf3 h6 67. Kc5 h5 68. Kxb5 Kd7 69. Kc5 Kc7 70. b5 Nd6 71. b6+ Kd7 72. Ne5+
Ke6 73. Nxg6 Nb7+ 74. Kc6 Na5+ 75. Kc7 Kf5 76. Nh8 Ke6 77. b7 Nxb7 78. Kxb7 Kd7
79. g6 Ke8 80. g7 1-0

[Event "ch-city"]
[Site "Milanowek"]
[Date "2011.??.??"]
[Round "4.1"]
[White "Sawicki, Mikolaj"]
[Black "Kolosowski, Mateusz"]
[Result "0-1"]
[WhiteElo "2045"]
[BlackElo "2408"]
[PlyCount "64"]
[EventDate "2011.??.??"]

1. e4 c5 2. Nf3 e6 3. d3 Nc6 4. g3 g6 5. Bg2 Bg7 6. O-O Nge7 7. c3 O-O 8. Be3
b6 9. d4 cxd4 10. cxd4 d5 11. e5 Nf5 12. g4 Nxe3 13. fxe3 Ba6 14. Rf2 Bh6 15.
Qe1 Rc8 16. Na3 f6 17. exf6 Rxf6 18. Bf1 Bb7 19. h4 Rf7 20. g5 Bg7 21. Bh3 Qd6
22. Kg2 Rcf8 23. Nb5 Qe7 24. Qd2 Na5 25. Raf1 Ba6 26. a4 Nc4 27. Qc1 Nd6 28.
Ne5 Bxe5 29. dxe5 Nf5 30. Bxf5 exf5 31. Qc3 Rc8 32. Qd4 Rc4 0-1

[Event "ch-city"]
[Site "Milanowek"]
[Date "2011.??.??"]
[Round "4.2"]
[White "Malec, Sebastian"]
[Black "Olejarczyk, Bogdan"]
[Result "1-0"]
[WhiteElo "2167"]
[BlackElo "2120"]
[PlyCount "67"]
[EventDate "2011.??.??"]

1. e4 d5 2. exd5 Qxd5 3. Nc3 Qd6 4. d4 Nf6 5. Nf3 c6 6. Bc4 Bg4 7. Be3 e6 8. h3
Bh5 9. g4 Bg6 10. Ne5 Nbd7 11. Nxg6 hxg6 12. Qf3 Nd5 13. Bd2 Nxc3 14. Bxc3 Nf6
15. O-O-O Nd5 16. Bd2 Be7 17. Kb1 b5 18. Bd3 g5 19. h4 gxh4 20. g5 b4 21. Bc4
a5 22. Qg4 a4 23. Rxh4 Rxh4 24. Qxh4 b3 25. cxb3 a3 26. Qg3 Qd7 27. Rh1 axb2
28. Rh8+ Bf8 29. a4 Qe7 30. Bxd5 cxd5 31. Qc3 Kd7 32. Qb4 Rc8 33. Qb5+ Rc6 34.
Ba5 1-0

[Event "ch-city"]
[Site "Milanowek"]
[Date "2011.??.??"]
[Round "4.3"]
[White "Tomaszewska, Luiza"]
[Black "Goslawski, Michal"]
[Result "0-1"]
[WhiteElo "1994"]
[BlackElo "2033"]
[PlyCount "72"]
[EventDate "2011.??.??"]

1. e4 e6 2. d4 d5 3. Nc3 Bb4 4. Nge2 dxe4 5. a3 Be7 6. Nxe4 Nf6 7. N2c3 Nbd7 8.
Bd3 Nxe4 9. Nxe4 Nf6 10. O-O Bd7 11. c3 Bc6 12. Nxf6+ gxf6 13. b4 Qd5 14. f3
Bd6 15. Be4 Qc4 16. Bxc6+ bxc6 17. Bd2 a5 18. Re1 axb4 19. axb4 Ke7 20. Qb1
Rxa1 21. Qxa1 Qd3 22. Qa2 Rg8 23. Re3 Qg6 24. Re2 Qh5 25. g4 Qh3 26. Rf2 h5 27.
g5 fxg5 28. Kh1 g4 29. f4 g3 30. Rg2 Rg4 31. Qc4 Bxf4 32. Qxc6 Bxd2 33. Qxc7+
Kf8 34. Qb8+ Kg7 35. Qe5+ Kh7 36. Qf6 Rf4 0-1

[Event "ch-city"]
[Site "Milanowek"]
[Date "2011.??.??"]
[Round "4.5"]
[White "Kowalik, Pawel"]
[Black "Tomaszewski, Wieslaw"]
[Result "0-1"]
[WhiteElo "1740"]
[BlackElo "1573"]
[PlyCount "128"]
[EventDate "2011.??.??"]

1. e4 e6 2. d4 b6 3. Nf3 c5 4. d5 d6 5. c4 e5 6. h3 Nf6 7. Nc3 Be7 8. Bd3 Nbd7
9. Be3 Nf8 10. a3 h6 11. b4 Ng6 12. g3 Nh7 13. b5 Ng5 14. h4 Nxf3+ 15. Qxf3 h5
16. Qd1 Bg4 17. Be2 Bxe2 18. Qxe2 Qc8 19. Qd3 Qg4 20. Qe2 Qd7 21. Qf3 Nf8 22.
Qf5 g6 23. Qxd7+ Nxd7 24. a4 f5 25. f3 Bd8 26. Ne2 Nf6 27. Nc3 Rh7 28. Bg5 Rf7
29. Rf1 Bc7 30. Ke2 Nh7 31. Bd2 Bd8 32. f4 exf4 33. Bxf4 Bf6 34. Rac1 Kd7 35.
Kd3 Bxc3 36. Rxc3 fxe4+ 37. Kxe4 Re8+ 38. Kf3 g5 39. hxg5 Nxg5+ 40. Kg2 Re2+
41. Kh1 Ne4 42. Ra3 Rc2 43. Re1 Nf2+ 44. Kg1 Nh3+ 45. Kh1 Nxf4 46. gxf4 Rxf4
47. a5 Rfxc4 48. axb6 Rc1 49. Rxa7+ Kc8 50. Rc7+ Kb8 51. Rxc1 Rxc1+ 52. Kg2 Rd1
53. Kf3 Rd4 54. Rh7 h4 55. Ke3 Kc8 56. Kf3 h3 57. Kg3 Rd3+ 58. Kf4 Rxd5 59. Ke4
Rd4+ 60. Ke3 h2 61. Rxh2 Kb7 62. Rh8 Kxb6 63. Rb8+ Ka5 64. b6 Ka6 0-1

[Event "ch-city"]
[Site "Milanowek"]
[Date "2011.??.??"]
[Round "4.6"]
[White "Dabrowski, Mikolaj"]
[Black "Jarzebowski, Kacper"]
[Result "1-0"]
[WhiteElo "1434"]
[BlackElo "1237"]
[PlyCount "47"]
[EventDate "2011.??.??"]

1. e4 c5 2. Nf3 d6 3. d4 cxd4 4. Nxd4 Nf6 5. Nc3 e6 6. Be3 Be7 7. Be2 Bd7 8.
O-O O-O 9. Qd2 Nc6 10. f4 Rc8 11. a3 a6 12. Rf3 Qc7 13. Rg3 Rfd8 14. Rf1 e5 15.
Nb3 b5 16. f5 Kh8 17. Bg5 Qb6+ 18. Kh1 Qc7 19. Bxf6 Bxf6 20. Nd5 Qb7 21. Nxf6
gxf6 22. Qh6 Rg8 23. Qxf6+ Rg7 24. Qxg7# 1-0

[Event "ch-city"]
[Site "Milanowek"]
[Date "2011.??.??"]
[Round "4.7"]
[White "Wyszomirski, Krzysztof"]
[Black "Staniak, Mariusz"]
[Result "0-1"]
[WhiteElo "1728"]
[BlackElo "1889"]
[PlyCount "102"]
[EventDate "2011.??.??"]

1. e4 c6 2. d4 d5 3. Nd2 dxe4 4. Nxe4 Nd7 5. Nf3 Ngf6 6. Ng3 e6 7. Bd3 c5 8. c3
Be7 9. O-O O-O 10. Be3 b6 11. Qe2 Bb7 12. Rad1 cxd4 13. Bxd4 Qc7 14. c4 Rfe8
15. Bc3 Rad8 16. b3 Bf8 17. Ne4 Nxe4 18. Bxe4 Bxe4 19. Qxe4 Nc5 20. Qe2 Qf4 21.
Be5 Qf5 22. Nd4 Qg6 23. Nc6 Rxd1 24. Rxd1 Ne4 25. Re1 f5 26. b4 a5 27. a3 axb4
28. axb4 Rc8 29. b5 Bc5 30. Rf1 Qg5 31. Bg3 h5 32. h4 Qf6 33. Kh1 Ra8 34. Ne5
Rd8 35. Nd3 Bd4 36. Kh2 e5 37. f3 Nxg3 38. Kxg3 f4+ 39. Kh3 Be3 40. Nf2 Rd2 41.
Qe1 Qg6 42. Kh2 Qg3+ 43. Kg1 Qxh4 44. c5 bxc5 45. b6 Rb2 46. b7 Rxb7 47. Qd1
Rb2 48. Qe1 Bxf2+ 49. Rxf2 Qxf2+ 50. Qxf2 Rxf2 51. Kxf2 Kf7 0-1

[Event "ch-city"]
[Site "Milanowek"]
[Date "2011.??.??"]
[Round "4.8"]
[White "Kolinski, Daniel"]
[Black "Woloszyn, Piotr"]
[Result "1-0"]
[WhiteElo "1785"]
[BlackElo "1664"]
[PlyCount "99"]
[EventDate "2011.??.??"]

1. e4 e6 2. d4 c5 3. Nf3 Qc7 4. Be3 a6 5. Nc3 d6 6. Qd2 b5 7. d5 e5 8. h3 h6 9.
a4 b4 10. Ne2 a5 11. c3 g5 12. g4 Ne7 13. Ng3 Ng6 14. Nh5 Qe7 15. Nxg5 Nh4 16.
O-O-O Bd7 17. Bb5 Bxb5 18. axb5 bxc3 19. bxc3 hxg5 20. Bxg5 Qxg5 21. Qxg5 Bh6
22. Nf6+ Kf8 23. Qxh6+ Rxh6 24. g5 Rh8 25. c4 Ra7 26. Kc2 Nf3 27. h4 Nxh4 28.
Ra1 Ng6 29. Rxh8+ Nxh8 30. Kb3 Ng6 31. Ka4 Nd7 32. Nxd7+ Rxd7 33. b6 Ne7 34.
Kb5 Nc8 35. Kc6 Nxb6 36. Kxb6 Kg7 37. Rxa5 Kg6 38. Kc6 Rd8 39. Kc7 Rh8 40. Kxd6
Kxg5 41. Kxe5 Re8+ 42. Kd6 Rxe4 43. Rxc5 Re2 44. Kc7 Re7+ 45. Kd8 Re5 46. Rb5
f5 47. d6 Re2 48. d7 Rc2 49. Rc5 Rxf2 50. Kc7 1-0

[Event "ch-city"]
[Site "Milanowek"]
[Date "2011.??.??"]
[Round "4.9"]
[White "Wojtowicz, Mieczyslaw"]
[Black "Wrzesinski, Gustaw"]
[Result "1-0"]
[WhiteElo "1737"]
[BlackElo "1342"]
[PlyCount "45"]
[EventDate "2011.??.??"]

1. e4 c5 2. c3 d6 3. Nf3 Nc6 4. Be2 Nf6 5. d3 e6 6. O-O h6 7. Re1 Be7 8. Bf1
O-O 9. Na3 a6 10. e5 dxe5 11. Nxe5 Nxe5 12. Rxe5 Qc7 13. Re1 Rd8 14. Nc4 b5 15.
Ne3 Bb7 16. Ng4 Nxg4 17. Qxg4 Qc6 18. Bxh6 g6 19. Bf4 b4 20. Be5 bxc3 21. bxc3
Rd7 22. Re3 Qb6 23. Rh3 1-0

[Event "ch-city"]
[Site "Milanowek"]
[Date "2011.??.??"]
[Round "4.10"]
[White "Kaczmarczyk, Marcin"]
[Black "Fraczek, Lukasz"]
[Result "1/2-1/2"]
[WhiteElo "1738"]
[BlackElo "1503"]
[Annotator "M"]
[PlyCount "40"]
[EventDate "2011.??.??"]

1. e4 c5 2. c3 d6 3. d4 Nf6 4. f3 cxd4 5. cxd4 Bd7 6. d5 e6 7. Nc3 exd5 8. exd5
Qe7+ 9. Qe2 Qxe2+ 10. Bxe2 g6 11. Bc4 a6 12. a4 Bc8 13. a5 Nbd7 14. Ne4 Nxe4
15. fxe4 Nc5 16. b4 Bg7 17. Ra3 Nxe4 18. Re3 f5 19. Bd3 Bc3+ 20. Kf1 Bd4 $11
1/2-1/2

[Event "ch-city"]
[Site "Milanowek"]
[Date "2011.??.??"]
[Round "4.11"]
[White "Kucharski, Jacek"]
[Black "Szustakowski, Antoni"]
[Result "0-1"]
[WhiteElo "1384"]
[BlackElo "1437"]
[PlyCount "84"]
[EventDate "2011.??.??"]

1. d4 Nf6 2. c4 g6 3. Nf3 Bg7 4. e3 O-O 5. Nc3 d6 6. Be2 c5 7. O-O Re8 8. b3
cxd4 9. exd4 Bf5 10. Bd3 Bxd3 11. Qxd3 Nc6 12. Be3 Ng4 13. a3 Nxe3 14. Qxe3 Qb6
15. Nd5 Qd8 16. Rab1 e6 17. Nc3 Qb6 18. Rfd1 Qc7 19. Qd2 Qa5 20. b4 Qd8 21. d5
exd5 22. Nxd5 Ne5 23. Nxe5 dxe5 24. Qe3 Qc8 25. c5 Kh8 26. b5 Rd8 27. b6 Qc6
28. Nb4 Rxd1+ 29. Rxd1 Qa4 30. Rd3 axb6 31. h3 bxc5 32. Qxc5 Qe8 33. Qc7 Rb8
34. Rb3 Qd8 35. Qxf7 Qd1+ 36. Kh2 Rf8 37. Rd3 Qxd3 38. Qxf8+ Bxf8 39. Nxd3 Bxa3
40. Nxe5 Bd6 41. f4 Bxe5 42. fxe5 b5 0-1

[Event "ch-city"]
[Site "Milanowek"]
[Date "2011.??.??"]
[Round "5.1"]
[White "Kolosowski, Mateusz"]
[Black "Malec, Sebastian"]
[Result "1-0"]
[WhiteElo "2408"]
[BlackElo "2167"]
[PlyCount "49"]
[EventDate "2011.??.??"]

1. e4 c5 2. c3 d5 3. exd5 Qxd5 4. d4 Nf6 5. Nf3 e6 6. Na3 Bd7 7. Nb5 Bxb5 8.
Bxb5+ Nbd7 9. O-O cxd4 10. Nxd4 e5 11. Qe2 O-O-O 12. Nb3 e4 13. Rd1 Qe5 14. g3
g5 15. Be3 Qf5 16. Bxa7 Ne5 17. Rxd8+ Kxd8 18. Nd4 Qh3 19. Qd2 Bd6 20. Bf1 Qh5
21. Bg2 Nc4 22. Qd1 Qxd1+ 23. Rxd1 Kd7 24. Nb5 Ke6 25. b3 1-0

[Event "ch-city"]
[Site "Milanowek"]
[Date "2011.??.??"]
[Round "5.2"]
[White "Goslawski, Michal"]
[Black "Sawicki, Mikolaj"]
[Result "1/2-1/2"]
[WhiteElo "2033"]
[BlackElo "2045"]
[PlyCount "48"]
[EventDate "2011.??.??"]

1. Nf3 d5 2. d4 Nf6 3. c4 e6 4. Nc3 Be7 5. Bf4 O-O 6. e3 c5 7. dxc5 Bxc5 8. Qc2
Nc6 9. a3 Qa5 10. Rd1 Be7 11. Be2 dxc4 12. Bxc4 a6 13. O-O b5 14. Bd3 Bb7 15.
Ne4 h6 16. Nd6 Qb6 17. Nxb7 Qxb7 18. Be4 Rac8 19. Ne5 Nxe4 20. Qxe4 Rfd8 21.
Qf3 Bf6 22. Nxc6 Qxc6 23. Rxd8+ Bxd8 24. Qg3 Bc7 1/2-1/2

[Event "ch-city"]
[Site "Milanowek"]
[Date "2011.??.??"]
[Round "5.3"]
[White "Tomaszewski, Wieslaw"]
[Black "Lasota, Adam"]
[Result "0-1"]
[WhiteElo "1573"]
[BlackElo "1844"]
[PlyCount "168"]
[EventDate "2011.??.??"]

1. a3 Nf6 2. Nf3 c5 3. e3 g6 4. b3 Bg7 5. Bb2 O-O 6. c4 Nc6 7. Qc2 d6 8. d3 a6
9. Be2 Bd7 10. Nbd2 b5 11. e4 bxc4 12. bxc4 Rb8 13. Bc3 Qc7 14. Nf1 Rb7 15. Ne3
Rfb8 16. Nd2 Nd4 17. Qc1 Ne8 18. Bd1 Bc6 19. Nd5 Qd7 20. a4 Nc7 21. a5 Bxd5 22.
exd5 e6 23. dxe6 Qxe6+ 24. Kf1 Re8 25. Nf3 Ne2 26. Bxe2 Qxe2+ 27. Kg1 Qxd3 28.
Bxg7 Kxg7 29. h3 Rb4 30. Qd1 Qxd1+ 31. Rxd1 Rd8 32. Ne5 Ra4 33. Nc6 Rd7 34. Nb8
Re7 35. Rxd6 Re2 36. Nxa6 Nxa6 37. Rxa6 Rea2 38. Kh2 Rxf2 39. Rg1 f5 40. Ra7+
Kh6 41. Kg3 Rc2 42. a6 Ra3+ 43. Kf4 Rxc4+ 44. Ke5 Re4+ 45. Kd5 Ra5 46. g4 c4+
47. Kd6 fxg4 48. hxg4 Kg5 49. Rxh7 Rxa6+ 50. Kd5 Rf4 51. Rb1 Ra5+ 52. Kc6 Rxg4
53. Kb6 Rf5 54. Rc7 Kh4 55. Rh1+ Kg3 56. Rg1+ Kf3 57. Rc1 Rff4 58. Re7 Rg2 59.
Rc3+ Kg4 60. Rg7 g5 61. Kc5 Rd2 62. Rc1 Rg2 63. Rc3 Kf5 64. Rg8 Re2 65. Rg3
Re5+ 66. Kb4 g4 67. Rf8+ Kg5 68. Rg8+ Kh4 69. Rg1 Re3 70. Rh8+ Kg5 71. Rg8+ Kf5
72. Rf8+ Ke4 73. Re8+ Kd3 74. Rg8 c3+ 75. Kb3 c2 76. Rd8+ Rd4 77. Rxd4+ Kxd4+
78. Kxc2 g3 79. Kd2 Ke4 80. Rf1 g2 81. Rg1 Ra3 82. Ke1 Ra1+ 83. Kf2 Rxg1 84.
Kxg1 Kf3 0-1

[Event "ch-city"]
[Site "Milanowek"]
[Date "2011.??.??"]
[Round "5.4"]
[White "Kolinski, Daniel"]
[Black "Dabrowski, Mikolaj"]
[Result "1-0"]
[WhiteElo "1785"]
[BlackElo "1434"]
[PlyCount "51"]
[EventDate "2011.??.??"]

1. e4 e5 2. Nc3 Bc5 3. Bc4 Nf6 4. Nf3 d6 5. d3 Nc6 6. Be3 Bb6 7. h3 Be6 8. Bb3
Qd7 9. Qd2 O-O 10. Bg5 Kh8 11. Bxf6 gxf6 12. Qh6 Qe7 13. Nd5 Bxd5 14. Bxd5 Rg8
15. Nh4 Nd4 16. Kd2 c6 17. Bc4 Rac8 18. c3 Ne6 19. Raf1 a5 20. Nf5 Qd8 21. h4
Rxg2 22. Rhg1 Rg6 23. Rxg6 fxg6 24. Bxe6 gxf5 25. Bxc8 Qxc8 26. Qxf6+ 1-0

[Event "ch-city"]
[Site "Milanowek"]
[Date "2011.??.??"]
[Round "5.5"]
[White "Olejarczyk, Bogdan"]
[Black "Kowalik, Pawel"]
[Result "1-0"]
[WhiteElo "2120"]
[BlackElo "1740"]
[PlyCount "45"]
[EventDate "2011.??.??"]

1. d4 d5 2. c4 dxc4 3. Nf3 Nf6 4. e3 e6 5. Bxc4 c5 6. O-O Be7 7. Qe2 O-O 8. Rd1
Qc7 9. Nc3 a6 10. dxc5 Bxc5 11. a3 b5 12. Ba2 Bb7 13. Bd2 Nbd7 14. Rac1 Qb6 15.
b4 Be7 16. e4 Bc6 17. Bf4 Rad8 18. e5 Ne8 19. Ne4 Bxe4 20. Qxe4 Nb8 21. Rxd8
Bxd8 22. Be3 f5 23. Qd3 1-0

[Event "ch-city"]
[Site "Milanowek"]
[Date "2011.??.??"]
[Round "5.6"]
[White "Wojtowicz, Mieczyslaw"]
[Black "Tomaszewska, Luiza"]
[Result "1/2-1/2"]
[WhiteElo "1737"]
[BlackElo "1994"]
[PlyCount "72"]
[EventDate "2011.??.??"]

1. e4 c5 2. Nf3 d6 3. Be2 Nc6 4. h3 Nf6 5. d3 e5 6. O-O Be7 7. Re1 h6 8. Nbd2
Be6 9. Nf1 Qd7 10. Ng3 g5 11. Nh2 O-O-O 12. c3 Kb8 13. a3 Rdg8 14. Ng4 Ne8 15.
Ne3 Ng7 16. b4 f5 17. exf5 Nxf5 18. Nexf5 Bxf5 19. Nxf5 Qxf5 20. Bg4 Qf6 21.
bxc5 dxc5 22. Rb1 Rd8 23. Be3 Qg6 24. Qb3 b6 25. Be2 h5 26. g3 h4 27. g4 Rhf8
28. Bf1 Qf6 29. Qb5 Nd4 30. cxd4 exd4 31. Rb2 dxe3 32. Rxe3 Bd6 33. Bg2 Qc3 34.
Rbe2 Qc1+ 35. Re1 Qxa3 36. Qc6 Qa6 1/2-1/2

[Event "ch-city"]
[Site "Milanowek"]
[Date "2011.??.??"]
[Round "5.7"]
[White "Fraczek, Lukasz"]
[Black "Jarzebowski, Kacper"]
[Result "1-0"]
[WhiteElo "1503"]
[BlackElo "1237"]
[PlyCount "131"]
[EventDate "2011.??.??"]

1. e4 c5 2. Nf3 d6 3. Bb5+ Bd7 4. Bxd7+ Qxd7 5. O-O Nc6 6. c3 e6 7. d4 cxd4 8.
cxd4 d5 9. exd5 exd5 10. Re1+ Nge7 11. Bg5 h6 12. Bxe7 Bxe7 13. Ne5 Nxe5 14.
Rxe5 O-O 15. Nc3 Rad8 16. Rxd5 Qc7 17. Re5 Bf6 18. Nd5 Qc6 19. Qf3 Rd7 20.
Nxf6+ Qxf6 21. Qxf6 gxf6 22. Re4 Rfd8 23. Rd1 f5 24. Rf4 Rc8 25. Kf1 Rd5 26.
Ke2 Rc2+ 27. Rd2 Rc6 28. Kd3 b5 29. Rc2 Rxc2 30. Kxc2 Kg7 31. Kc3 Kg6 32. Kb4
a6 33. a4 Kg5 34. g3 bxa4 35. Kxa4 Rb5 36. b4 Kg6 37. Rf3 Kf6 38. g4 Ke6 39.
Rxf5 Rb6 40. Ka5 Rd6 41. d5+ Ke7 42. b5 axb5 43. Kxb5 Rg6 44. h3 Rd6 45. Kc5
Rg6 46. f3 Ra6 47. Kd4 Rd6 48. Ke5 Rb6 49. f4 Ra6 50. g5 hxg5 51. fxg5 Rg6 52.
h4 Rb6 53. h5 Ra6 54. h6 Ra1 55. d6+ Ke8 56. Kf6 Rd1 57. Kg7 Rxd6 58. Rxf7 Rd5
59. g6 Kd8 60. h7 Kc8 61. h8=Q+ Rd8 62. Qxd8+ Kxd8 63. Kf8 Kc8 64. g7 Kb8 65.
g8=R Ka8 66. Kg7# 1-0

[Event "ch-city"]
[Site "Milanowek"]
[Date "2011.??.??"]
[Round "5.8"]
[White "Szustakowski, Antoni"]
[Black "Woloszyn, Piotr"]
[Result "0-1"]
[WhiteElo "1437"]
[BlackElo "1664"]
[PlyCount "74"]
[EventDate "2011.??.??"]

1. c4 e6 2. Nc3 d5 3. cxd5 exd5 4. e3 Nf6 5. g3 c6 6. Bg2 Bf5 7. Qb3 Qc8 8. Nf3
Nbd7 9. O-O Bd6 10. Nd4 Bg6 11. Qd1 O-O 12. b3 Nc5 13. Ba3 Bd3 14. Re1 Rd8 15.
Nc2 a5 16. Bxc5 Bxc5 17. Na4 Bd6 18. Nb6 Qf5 19. Nd4 Qg6 20. Nxa8 Rxa8 21. Qc1
Ra6 22. Bf1 Bxf1 23. Rxf1 h5 24. h4 Bxg3 25. fxg3 Qxg3+ 26. Kh1 Qxh4+ 27. Kg1
Qg3+ 28. Kh1 Ng4 29. Nf3 Nf2+ 30. Rxf2 Qxf2 31. Nh2 Qf5 32. Qf1 Qe5 33. Nf3 Qe4
34. Kh2 c5 35. Qd1 Rf6 36. Kg2 Qg4+ 37. Kf2 h4 0-1

[Event "ch-city"]
[Site "Milanowek"]
[Date "2011.??.??"]
[Round "5.9"]
[White "Tomczyk, Ryszard"]
[Black "Kaczmarczyk, Marcin"]
[Result "0-1"]
[WhiteElo "1479"]
[BlackElo "1738"]
[PlyCount "100"]
[EventDate "2011.??.??"]

1. e4 e6 2. Bc4 d5 3. exd5 exd5 4. Bb3 Nf6 5. h3 Bd6 6. Qf3 c6 7. d3 O-O 8. Ne2
Nbd7 9. d4 a5 10. c3 a4 11. Bc2 b5 12. Be3 Qc7 13. O-O Bb7 14. g4 c5 15. Bd3
Bc6 16. Nd2 Rfe8 17. Rac1 c4 18. Bc2 b4 19. Bb1 bxc3 20. bxc3 Rab8 21. h4 a3
22. h5 Rb2 23. Kg2 Qb7 24. Rce1 Bc7 25. Rc1 Ne5 26. Qf5 Bd7 27. Qg5 Nexg4 28.
Rcd1 h6 29. Qh4 Rxe3 30. fxe3 Nxe3+ 31. Kf2 Nxf1 32. Rxf1 Rxd2 33. Rg1 Kf8 34.
Ke3 Rb2 35. Qh1 Nxh5 36. Qxh5 Rxb1 37. Rg2 Rb6 38. Qf3 Re6+ 39. Kd2 Qb2+ 40.
Ke1 Qa1+ 41. Kd2 Qxa2+ 42. Ke1 Qb1+ 43. Kd2 Qd3+ 44. Qxd3 cxd3 45. Kxd3 Bb5+
46. Kd2 Rxe2+ 47. Rxe2 Bxe2 48. Kc2 Bc4 49. Kb1 a2+ 50. Kb2 Ba5 0-1

[Event "ch-city"]
[Site "Milanowek"]
[Date "2011.??.??"]
[Round "5.10"]
[White "Wrzesinski, Gustaw"]
[Black "Wyszomirski, Krzysztof"]
[Result "0-1"]
[WhiteElo "1342"]
[BlackElo "1728"]
[PlyCount "94"]
[EventDate "2011.??.??"]

1. e4 c5 2. Nf3 Nc6 3. Nc3 e6 4. d4 cxd4 5. Nxd4 a6 6. Bc4 Qc7 7. O-O Nf6 8.
Be3 b5 9. Be2 b4 10. Nb1 Nxe4 11. Nxc6 dxc6 12. Qd4 Nf6 13. Bf3 Bb7 14. c3 c5
15. Bf4 cxd4 16. Bxc7 Bxf3 17. gxf3 Nd5 18. Be5 dxc3 19. bxc3 f6 20. c4 Nb6 21.
Bd4 Nxc4 22. Re1 Kf7 23. Rc1 Nd6 24. Rc7+ Kg6 25. Nd2 Nb5 26. Rd7 Nxd4 27. Rxd4
e5 28. Rc4 Rd8 29. Ne4 a5 30. Kh1 Bd6 31. Rg1+ Kf7 32. Nxd6+ Rxd6 33. Rc7+ Ke6
34. Rgxg7 Rd2 35. Rc6+ Kf5 36. Rf7 Rd1+ 37. Kg2 Rg8+ 38. Kh3 Rg6 39. Rxh7 Rd3
40. Rh5+ Kf4 41. Rc4+ Kxf3 42. Rf5+ Ke2+ 43. Kh4 Rd4+ 44. Rxd4 exd4 45. Rxa5 d3
46. f4 d2 47. f5 Rh6+ 0-1

[Event "ch-city"]
[Site "Milanowek"]
[Date "2011.??.??"]
[Round "6.1"]
[White "Goslawski, Michal"]
[Black "Kolosowski, Mateusz"]
[Result "1/2-1/2"]
[WhiteElo "2033"]
[BlackElo "2408"]
[Annotator "M"]
[PlyCount "94"]
[EventDate "2011.??.??"]

1. Nf3 Nf6 2. d4 g6 3. c4 Bg7 4. Nc3 d5 5. cxd5 Nxd5 6. e4 Nxc3 7. bxc3 c5 8.
Be3 O-O 9. Qd2 Qa5 10. Rc1 Rd8 11. d5 Nc6 12. Bd3 Bg4 13. O-O e6 14. Bg5 f6 15.
Bf4 exd5 16. exd5 Bxf3 17. gxf3 Ne5 18. Bxe5 fxe5 19. Be4 Rd6 20. Rb1 Qc7 21.
c4 Qd7 22. Kg2 Rf8 23. Qg5 Rf4 24. Qg3 Bf6 25. Qh3 Qc7 26. Rg1 Rh4 27. Qg3 g5
28. Kh1 Kf8 29. Bf5 Rxc4 30. Be6 b6 31. Rbe1 Rf4 32. Re4 Qg7 33. Qh3 Ke7 34.
Qf1 Kd8 35. Rxf4 exf4 36. a4 Ke7 37. Qa6 Kf8 38. a5 Qc7 39. axb6 Rxb6 40. Qa3
Kg7 41. h4 h6 42. hxg5 hxg5 43. Kg2 Rb2 44. Rd1 c4 45. Qa4 g4 46. Qe8 Rb8 47.
Qh5 Rh8 $11 1/2-1/2

[Event "ch-city"]
[Site "Milanowek"]
[Date "2011.??.??"]
[Round "6.2"]
[White "Lasota, Adam"]
[Black "Malec, Sebastian"]
[Result "0-1"]
[WhiteElo "1844"]
[BlackElo "2167"]
[PlyCount "66"]
[EventDate "2011.??.??"]

1. d4 Nf6 2. Nf3 e6 3. Bf4 b6 4. e3 Bb7 5. Nbd2 Be7 6. h3 O-O 7. Be2 d6 8. O-O
Nbd7 9. c4 c5 10. Rc1 h6 11. Nb3 Qc7 12. Bh2 Ne4 13. Nfd2 f5 14. Nxe4 fxe4 15.
f3 Nf6 16. f4 a5 17. a4 Qc6 18. Na1 Rac8 19. b3 cxd4 20. Qxd4 Nd7 21. Qd1 Nc5
22. Rb1 Nd3 23. Nc2 e5 24. fxe5 dxe5 25. Rxf8+ Rxf8 26. Qd2 Bh4 27. Rf1 Bf2+
28. Kh1 Qg6 29. Bg1 Qg3 30. Bg4 Rf6 31. Bh2 Qh4 32. Be2 Qg5 33. Bxd3 Qxg2+ 0-1

[Event "ch-city"]
[Site "Milanowek"]
[Date "2011.??.??"]
[Round "6.3"]
[White "Sawicki, Mikolaj"]
[Black "Olejarczyk, Bogdan"]
[Result "1-0"]
[WhiteElo "2045"]
[BlackElo "2120"]
[Annotator "M"]
[PlyCount "87"]
[EventDate "2011.??.??"]

1. e4 c6 2. d4 d5 3. Nc3 dxe4 4. Nxe4 Nd7 5. Bc4 Ngf6 6. Ng5 e6 7. Qe2 Nb6 8.
Bb3 h6 9. N5f3 c5 10. c3 Bd6 11. dxc5 Bxc5 12. Ne5 O-O 13. Ngf3 Nbd5 14. Bd2 a5
15. g4 Nd7 16. g5 Nxe5 17. Nxe5 hxg5 18. O-O-O Qf6 19. Ng4 Qg6 20. Bc2 f5 21.
h4 Qh5 22. Qb5 Qxg4 23. Qxc5 gxh4 24. Rdg1 Qh5 25. Bg5 h3 26. Rg3 h2 27. Rg2
Bd7 28. Bd1 Qg6 29. Rhxh2 Nf6 30. Qe3 Ng4 31. Bxg4 fxg4 32. Rxg4 Qf5 33. Rg3
Be8 34. Bh6 Bg6 35. Rxg6 Qxg6 36. Bg5 Rf5 37. Rg2 Re8 38. Rg3 Qh5 39. Rg1 Qf3
40. Qd4 Rd5 41. Qb6 Qh5 42. f4 Qf7 43. Bh6 g6 44. Bg5 $138 1-0

[Event "ch-city"]
[Site "Milanowek"]
[Date "2011.??.??"]
[Round "6.4"]
[White "Tomaszewska, Luiza"]
[Black "Kolinski, Daniel"]
[Result "1-0"]
[WhiteElo "1994"]
[BlackElo "1785"]
[PlyCount "39"]
[EventDate "2011.??.??"]

1. e4 e5 2. Nf3 Nc6 3. Bc4 Bc5 4. O-O Nf6 5. d4 Bxd4 6. Nxd4 Nxd4 7. f4 d6 8.
fxe5 dxe5 9. Bg5 Bg4 10. Bxf7+ Kxf7 11. Qxg4 Nxc2 12. Qh5+ Ke7 13. Nc3 Qd4+ 14.
Kh1 Nxa1 15. Nd5+ Ke6 16. Bxf6 g6 17. Qg4+ Kd6 18. Be7+ Kc6 19. Rc1+ Kb5 20.
Qd7+ 1-0